header

Rhetoric and reality in air warfare (Record no. 2498)

MARC details
000 -LEADER
fixed length control field 01736nam a2200385Ia 4500
100 1# - MAIN ENTRY--AUTHOR NAME
Personal name Biddle, Tami Davis,
245 10 - TITLE STATEMENT
Title Rhetoric and reality in air warfare
260 ## - PUBLICATION, DISTRIBUTION, ETC. (IMPRINT)
Place of publication Princeton, NJ ;
-- Woodstock :
Name of publisher Princeton University Press,
Year of publication c2004.
300 ## - PHYSICAL DESCRIPTION
Number of Pages 416 p.
490 1# - SERIES STATEMENT
Series statement Princeton studies in international history and politics
500 ## - GENERAL NOTE
General note Originally published: 2002.
650 #0 - SUBJECT ADDED ENTRY--TOPICAL TERM
Topical Term Air power
Topical Term Air power
Topical Term Bombing, Aerial
Topical Term World War, 1914-1918
Topical Term World War, 1914-1918
Topical Term World War, 1939-1945
Topical Term World War, 1939-1945
856 40 - ELECTRONIC LOCATION AND ACCESS
Uniform Resource Identifier http://site.ebrary.com/lib/rucke/Doc?id=10284054

No items available.

© 2026 Rongo University
Contact us: librarian | system librarian | Rongo university